Catálogo
 En Linea

Amor y pedagogia. (Registro nro. 43195)

Detalles MARC
000 -CABECERA
campo de control de longitud fija 00288nam a2200109 a 4500
005 - FECHA Y HORA DE LA ÚLTIMA TRANSACCIÓN
campo de control 20201002044928.0
008 - DATOS DE LONGITUD FIJA--INFORMACIÓN GENERAL
campo de control de longitud fija 140403s1971 000 spa d
040 ## - FUENTE DE LA CATALOGACIÓN
Centro catalogador/agencia de origen DO-SdBNP
100 ## - ENTRADA PRINCIPAL--NOMBRE DE PERSONA
Nombre de persona Unamuno, Miguel, de
9 (RLIN) 46765
245 #0 - MENCIÓN DE TÍTULO
Título Amor y pedagogia.
260 ## - PUBLICACIÓN, DISTRIBUCIÓN, ETC.
Lugar de publicación, distribución, etc. Madrid -- Libra,
Fecha de publicación, distribución, etc. 1971 -- 181 p.

No hay ítems disponibles.

Con tecnología Koha